[Event "28th European Club Cup"]
[Site "Eilat ISR"]
[Date "2012.10.13"]
[Round "3.16"]
[White "Townsend, M Paul"]
[Black "Harestad, Hans Krogh"]
[Result "0-1"]
[WhiteElo "2240"]
[BlackElo "2265"]
[WhiteTeam "White Rose"]
[BlackTeam "Soss"]
[WhiteFideId "402320"]
[BlackFideId "1501640"]
[EventDate "2012.10.11"]
[EventType "team-swiss"]

1. d4 d5 2. c4 c6 3. Nf3 Nf6 4. Nc3 dxc4 5. a4 Bf5 6. Ne5 Nbd7 7. Nxc4 Nb6 8.
Ne5 a5 9. g3 e6 10. Bg2 Bb4 11. O-O O-O 12. e3 Nfd7 13. Nxd7 Nxd7 14. e4 Bg6 15.
Qe2 f6 16. Be3 Qe7 17. Rfd1 Rfd8 18. d5 e5 19. Na2 Bc5 20. dxc6 Bxe3 21. cxb7
Bxf2+ 22. Qxf2 Rab8 23. Rd5 Rxb7 24. Rxa5 Nb6 25. Nc3 Nc4 26. Rb5 Rd2 27. Nd5
Qd7 28. Qf1 Nxb2 29. Rb1 Be8 30. Rxb7 Qxb7 31. a5 Qa7+ 32. Kh1 Qxa5 33. Qf5 Qd8
34. Rc1 Bd7 35. Qf1 Nd3 36. Ra1 Be6 37. h3 Nf2+ 38. Kg1 Nxe4 39. Bxe4 Bxd5 40.
Bf3 Bxf3 0-1

[Event "28th European Club Cup"]
[Site "Eilat ISR"]
[Date "2012.10.13"]
[Round "3.16"]
[White "Stenersen, Gudmund"]
[Black "Barrett, Stephen J"]
[Result "0-1"]
[WhiteElo "2226"]
[BlackElo "2225"]
[WhiteTeam "Soss"]
[BlackTeam "White Rose"]
[WhiteFideId "1502581"]
[BlackFideId "408727"]
[EventDate "2012.10.11"]
[EventType "team-swiss"]

1. e4 c5 2. Nf3 e6 3. Nc3 d6 4. Bb5+ Nd7 5. O-O a6 6. Bxd7+ Qxd7 7. d4 cxd4 8.
Qxd4 Nf6 9. a4 Be7 10. a5 Qc7 11. Rd1 O-O 12. Bg5 Rd8 13. Nd2 h6 14. Bh4 e5 15.
Qc4 Qc6 16. Bxf6 Bxf6 17. Nd5 Be6 18. Qd3 Bxd5 19. exd5 Qe8 20. Qe4 g6 21. g4
Bg5 22. Nc4 Rac8 23. b3 Rc7 24. Rd3 Bf4 25. Rf3 Qe7 26. Re1 Qh4 27. h3 h5 28.
gxh5 Qxh5 29. Kg2 f5 30. Qe2 g5 31. Rd3 g4 32. Qd1 e4 33. Rc3 e3 34. Rcxe3 Bxe3
35. hxg4 fxg4 36. Rxe3 Rg7 37. Rg3 Rf8 38. Qd4 Rf3 39. Qe4 Rxg3+ 0-1

[Event "28th European Club Cup"]
[Site "Eilat ISR"]
[Date "2012.10.13"]
[Round "3.16"]
[White "Gayson, Peter M"]
[Black "Andreassen, Pal"]
[Result "1-0"]
[WhiteElo "2207"]
[BlackElo "2133"]
[WhiteTeam "White Rose"]
[BlackTeam "Soss"]
[WhiteFideId "401838"]
[BlackFideId "1503723"]
[EventDate "2012.10.11"]
[EventType "team-swiss"]

1. e4 Nf6 2. e5 Nd5 3. d4 d6 4. c4 Nb6 5. f4 dxe5 6. fxe5 c5 7. d5 g6 8. Nf3 Bg7
9. Be2 O-O 10. h3 e6 11. Bg5 f6 12. exf6 Bxf6 13. Bxf6 Rxf6 14. Nc3 exd5 15.
cxd5 Na6 16. Bxa6 bxa6 17. O-O Bb7 18. Ne4 Rf4 19. Nfg5 Rxf1+ 20. Qxf1 Bxd5 21.
Rd1 Qe7 22. Qf6 Qg7 23. Rxd5 Nxd5 24. Qe6+ Kf8 25. Qd6+ Qe7 26. Qxd5 Re8 27.
Qxc5 h6 28. Qf2+ Kg7 29. Qd4+ Qe5 30. Qxa7+ Re7 31. Nf3 Qxe4 32. Qxa6 Qe3+ 33.
Kh2 Qf4+ 34. Kh1 Rc7 35. Qb6 Rc1+ 36. Ng1 h5 37. b4 Rc4 38. b5 Qd4 39. Qb7+ Kh6
40. Qb8 Kg7 41. Qb7+ Kf6 42. Qb8 Qc5 43. Qd8+ Ke6 44. Qe8+ Kf6 45. Qd8+ Qe7 46.
Qh8+ Ke6 47. b6 Rc1 48. Qg8+ Qf7 49. Qb8 Qf2 50. Qe8+ Kd5 51. Qd7+ Ke5 52. Qe7+
Kd4 53. Qd6+ Kc3 54. Qa3+ Kd2 55. Qb2+ Rc2 56. Nf3+ Kd1 57. Qb1+ Rc1 58. Qd3+ 1-0

[Event "28th European Club Cup"]
[Site "Eilat ISR"]
[Date "2012.10.13"]
[Round "3.17"]
[White "Ajvazi, Ramadan"]
[Black "Van Hoolandt, Patrick"]
[Result "1/2-1/2"]
[BlackTitle "FM"]
[WhiteElo "2164"]
[BlackElo "2191"]
[WhiteTeam "Chess Club Expik"]
[BlackTeam "C.E. de Monte Carlo"]
[WhiteFideId "909122"]
[BlackFideId "200999"]
[EventDate "2012.10.11"]
[EventType "team-swiss"]

1. d4 d5 2. c4 e6 3. Nf3 Nf6 4. Nc3 Bb4 5. Qa4+ Nc6 6. Bg5 h6 7. Bxf6 Qxf6 8. e3
O-O 9. Be2 a6 10. cxd5 exd5 11. O-O Rd8 12. a3 Bf8 13. Qc2 g6 14. Rad1 Bf5 15.
Bd3 Bg4 16. Qe2 Rab8 17. h3 Bxf3 18. Qxf3 Qxf3 19. gxf3 b5 20. b4 Rd6 21. Rc1
Nd8 22. Ne2 c6 23. Rc3 a5 24. bxa5 Ra8 25. a4 bxa4 26. a6 Rd7 27. Ra1 a3 28. Nc1
c5 29. Bb5 Rda7 30. Rcxa3 cxd4 31. Rd3 Rb8 32. Rb3 dxe3 33. fxe3 Bc5 34. Kf2 Re7
35. Ke2 Bb6 36. Kd2 Ba7 37. Be2 Rxb3 38. Nxb3 Bxe3+ 39. Kc2 Ba7 40. Bd3 Re6 41.
Ra4 Rf6 1/2-1/2

[Event "28th European Club Cup"]
[Site "Eilat ISR"]
[Date "2012.10.13"]
[Round "3.17"]
[White "Ribbegren, Karl Johan"]
[Black "Zymberi, Astrit"]
[Result "1-0"]
[WhiteElo "2101"]
[BlackElo "2161"]
[WhiteTeam "C.E. de Monte Carlo"]
[BlackTeam "Chess Club Expik"]
[WhiteFideId "5400040"]
[BlackFideId "4700295"]
[EventDate "2012.10.11"]
[EventType "team-swiss"]

1. d4 Nf6 2. c4 g6 3. Nc3 d5 4. Nf3 Bg7 5. Bf4 O-O 6. Rc1 c6 7. e3 dxc4 8. Bxc4
Nbd7 9. h3 Nb6 10. Bb3 Nfd5 11. Be5 Nxc3 12. bxc3 a5 13. a4 Bxe5 14. Nxe5 Qd6
15. O-O Be6 16. c4 c5 17. Nd3 Nd7 18. Nf4 Nf6 19. Nd5 Bxd5 20. dxc5 Qxc5 21.
cxd5 Qd6 22. Qd4 Rfc8 23. Rfd1 Nd7 24. f4 Qa3 25. Rb1 Rc5 26. d6 e6 27. Bc4 Qxa4
28. Bxe6 Qxd4 29. exd4 Rc6 30. Bxd7 Rxd6 31. Ba4 Rad8 32. Rxb7 Rxd4 33. Rxd4
Rxd4 34. Bb3 Rxf4 35. Ra7 Rf5 36. Kh2 h5 37. g4 hxg4 38. hxg4 Rf3 39. Bd5 Rf2+
40. Kg3 Rf1 41. Rxa5 Kg7 42. Ra7 g5 43. Bf3 Rb1 44. Ra5 f6 45. Ra7+ Kf8 46. Rb7
Ra1 47. Bd5 Rf1 48. Bf3 Ra1 49. Be4 Rf1 50. Bd3 Rf4 51. Rc7 Rd4 52. Rc3 Ke7 53.
Bf5 Rf4 54. Re3+ Kf7 55. Re4 Rf1 56. Kg2 Ra1 57. Kf3 Ra3+ 58. Re3 Ra4 59. Rd3
Ke7 60. Ke3 Ra1 61. Rd7+ Ke8 62. Rd5 Ke7 63. Rb5 Ra4 64. Rb7+ Kf8 65. Be4 Ra5
66. Kd4 Re5 67. Bd5 Ke8 68. Kc5 Kf8 69. Rf7+ Ke8 70. Rxf6 Ke7 71. Rg6 1-0

[Event "28th European Club Cup"]
[Site "Eilat ISR"]
[Date "2012.10.14"]
[Round "4.1"]
[White "Zvjaginsev, Vadim"]
[Black "Lysyj, Igor"]
[Result "1-0"]
[WhiteTitle "GM"]
[BlackTitle "GM"]
[WhiteElo "2678"]
[BlackElo "2628"]
[WhiteTeam "Saint-Petersburg Chess Federation"]
[BlackTeam "Economist-SGSEU Saratov"]
[WhiteFideId "4113403"]
[BlackFideId "4150120"]
[EventDate "2012.10.11"]
[EventType "team-swiss"]

1. c4 Nf6 2. Nc3 e6 3. e4 d5 4. cxd5 exd5 5. e5 Ne4 6. Nf3 Bf5 7. Be2 Nc6 8. O-O
Qd7 9. d4 Be7 10. Bd3 O-O 11. Re1 Nxc3 12. bxc3 Na5 13. Bg5 Ba3 14. Nh4 Bxd3 15.
Qxd3 Rfe8 16. Nf5 Bf8 17. Re3 Re6 18. Rg3 Rg6 19. Nh4 Rb6 20. Rb1 Rxb1+ 21. Qxb1
Re8 22. Nf5 g6 23. Ne3 Re6 24. h4 Rb6 25. Qc2 Qb5 26. Kh2 Qb2 27. Qxb2 Rxb2 28.
Nxd5 Rxa2 29. Nf6+ Kg7 30. h5 Rxf2 31. Ne8+ Kg8 32. Nf6+ Kg7 33. Ne8+ Kg8 34.
Nxc7 Nc4 35. Nd5 a5 36. Nf6+ Kg7 37. Bh6+ Kxh6 38. Ng4+ Kxh5 39. Nxf2 g5 40. Rf3
Kg6 41. Nd3 Bg7 42. Rf1 b6 43. Rb1 Kf5 44. Nb2 Nd2 45. Rd1 Ne4 46. c4 g4 47.
Rf1+ Ke6 48. Nd3 Nd2 49. d5+ Ke7 50. Rf4 1-0

[Event "28th European Club Cup"]
[Site "Eilat ISR"]
[Date "2012.10.14"]
[Round "4.2"]
[White "Inarkiev, Ernesto"]
[Black "Koykka, Pekka"]
[Result "1-0"]
[WhiteTitle "GM"]
[WhiteElo "2683"]
[BlackElo "2242"]
[WhiteTeam "Tomsk-400"]
[BlackTeam "Tammer-Shakki"]
[WhiteFideId "4162722"]
[BlackFideId "504319"]
[EventDate "2012.10.11"]
[EventType "team-swiss"]

1. d4 Nf6 2. c4 e6 3. Nc3 Bb4 4. Qc2 c5 5. dxc5 Nc6 6. Nf3 Bxc5 7. Bf4 d5 8. e3
Qa5 9. Be2 dxc4 10. Bxc4 Bb4 11. O-O Bxc3 12. bxc3 O-O 13. Rfd1 e5 14. Bg5 Nd7
15. Bh4 h6 16. Rd6 Kh8 17. Rad1 f5 18. Qe2 e4 19. Ng5 1-0

[Event "28th European Club Cup"]
[Site "Eilat ISR"]
[Date "2012.10.14"]
[Round "4.2"]
[White "Penttinen, Jarkko"]
[Black "Kurnosov, Igor"]
[Result "0-1"]
[WhiteTitle "FM"]
[BlackTitle "GM"]
[WhiteElo "2258"]
[BlackElo "2660"]
[WhiteTeam "Tammer-Shakki"]
[BlackTeam "Tomsk-400"]
[WhiteFideId "501743"]
[BlackFideId "4142527"]
[EventDate "2012.10.11"]
[EventType "team-swiss"]

1. d4 g6 2. Nf3 Bg7 3. g3 c5 4. c3 Qa5 5. d5 b5 6. e4 Bb7 7. Nbd2 Nf6 8. a4 a6
9. Qc2 O-O 10. Bh3 e6 11. dxe6 dxe6 12. O-O c4 13. Ra3 Qb6 14. axb5 axb5 15.
Rxa8 Bxa8 16. Re1 Nbd7 17. b3 cxb3 18. Qxb3 Rc8 19. Nd4 Nc5 20. Qb1 Nfxe4 21.
Nxe4 Nxe4 22. Be3 Nxc3 23. Qd3 b4 24. f3 Rd8 25. Nb3 Rxd3 26. Bxb6 Nd5 27. Nc1
Rxf3 28. Bf2 Rc3 29. Ne2 Rc2 30. Nc1 Nc3 31. Bf1 Rxf2 0-1

[Event "28th European Club Cup"]
[Site "Eilat ISR"]
[Date "2012.10.14"]
[Round "4.2"]
[White "Lehtioksa, Jorma"]
[Black "Khismatullin, Denis"]
[Result "0-1"]
[BlackTitle "GM"]
[WhiteElo "2179"]
[BlackElo "2638"]
[WhiteTeam "Tammer-Shakki"]
[BlackTeam "Tomsk-400"]
[WhiteFideId "502200"]
[BlackFideId "4142578"]
[EventDate "2012.10.11"]
[EventType "team-swiss"]

1. d4 Nf6 2. c4 e6 3. Nc3 Bb4 4. Qc2 c5 5. dxc5 Qc7 6. a3 Bxc5 7. Nf3 a6 8. e3
b6 9. Bd3 Bb7 10. b3 Be7 11. Bb2 d6 12. Ne4 Nbd7 13. O-O Rc8 14. Nxf6+ gxf6 15.
Qe2 Qc5 16. Nd2 Rg8 17. Be4 Bxe4 18. Nxe4 Qc6 19. f3 h5 20. Rac1 Ne5 21. b4 Nxc4
22. Bxf6 d5 23. Bxe7 Kxe7 24. Nc3 b5 25. Kh1 Qb6 26. Rfe1 Rg6 27. Qd3 Rcg8 28.
Re2 h4 29. f4 Rg4 30. Rf1 f5 31. Rd1 Rc8 32. Nxd5+ exd5 33. Qxf5 Qe6 34. Qh7+
Qf7 35. Qb1 Kf8 36. h3 Rg3 37. e4 Ne3 38. Rd3 Qxf4 39. exd5 Nf5 40. Rd1 Rgc3 41.
Ree1 Rxh3+ 42. Kg1 Qh2+ 43. Kf2 Rf3+ 44. Kxf3 Qg3+ 45. Ke4 Nd6+ 0-1

[Event "28th European Club Cup"]
[Site "Eilat ISR"]
[Date "2012.10.14"]
[Round "4.3"]
[White "Timofeev, Artyom"]
[Black "Topalov, Veselin"]
[Result "0-1"]
[WhiteTitle "GM"]
[BlackTitle "GM"]
[WhiteElo "2631"]
[BlackElo "2751"]
[WhiteTeam "Schachgesellschaft Zürich"]
[BlackTeam "SOCAR Azerbaijan"]
[WhiteFideId "4140419"]
[BlackFideId "2900084"]
[EventDate "2012.10.11"]
[EventType "team-swiss"]

1. d4 Nf6 2. c4 e6 3. Nc3 Bb4 4. f3 c5 5. d5 d6 6. e4 O-O 7. Ne2 b5 8. Nf4 a6 9.
Bd2 exd5 10. cxd5 Ba5 11. Be2 Nbd7 12. O-O Ne5 13. Kh1 c4 14. b3 b4 15. Na4 c3
16. Be3 Bc7 17. a3 a5 18. Bb5 Rb8 19. Qe2 h6 20. Rfd1 Qe7 21. axb4 axb4 22. Rd4
g5 23. Nh3 Bxh3 24. gxh3 Rxb5 25. Qxb5 Rb8 26. Qe2 Nh5 27. h4 Nf4 28. Qf2 Qf6
29. hxg5 hxg5 30. Rdd1 Bd8 31. Ra2 Qh6 32. Qg3 Kh7 33. Rg1 Nfg6 34. Rf2 Qh5 35.
f4 Nd3 36. Rff1 Bf6 37. Ba7 Rb7 38. Qxd3 Rxa7 39. Rg3 Nxf4 40. Rxf4 gxf4 41. e5+
Kh6 0-1

[Event "28th European Club Cup"]
[Site "Eilat ISR"]
[Date "2012.10.14"]
[Round "4.3"]
[White "Sutovsky, Emil"]
[Black "Vogt, Lothar"]
[Result "1-0"]
[WhiteTitle "GM"]
[BlackTitle "GM"]
[WhiteElo "2685"]
[BlackElo "2397"]
[WhiteTeam "SOCAR Azerbaijan"]
[BlackTeam "Schachgesellschaft Zürich"]
[WhiteFideId "2802007"]
[BlackFideId "4611292"]
[EventDate "2012.10.11"]
[EventType "team-swiss"]

1. e4 c5 2. Nf3 Nc6 3. Bb5 d6 4. O-O Bd7 5. c3 Nf6 6. Re1 a6 7. Bf1 Bg4 8. h3
Bxf3 9. Qxf3 g6 10. d3 Bg7 11. Be3 Nd7 12. Nd2 O-O 13. Qd1 b5 14. Nf3 b4 15.
cxb4 Nxb4 16. d4 Nc6 17. dxc5 Nxc5 18. e5 Ne6 19. exd6 Qxd6 20. Qxd6 exd6 21.
Rad1 Bxb2 22. Rxd6 Rfc8 23. Bc4 Ncd4 24. Nxd4 Rxc4 25. Nxe6 fxe6 26. Rb1 Bh8 27.
Rbd1 e5 28. Rd8+ Rxd8 29. Rxd8+ Kg7 30. Rd7+ Kg8 31. Rd8+ Kg7 32. f4 h5 33. fxe5
Kh7 34. Rd7+ Kg8 35. Rd8+ Kh7 36. Bd4 g5 37. Kf1 g4 38. hxg4 hxg4 39. e6 1-0

[Event "28th European Club Cup"]
[Site "Eilat ISR"]
[Date "2012.10.14"]
[Round "4.3"]
[White "Goldstern, Filip"]
[Black "Safarli, Eltaj"]
[Result "0-1"]
[WhiteTitle "FM"]
[BlackTitle "GM"]
[WhiteElo "2334"]
[BlackElo "2616"]
[WhiteTeam "Schachgesellschaft Zürich"]
[BlackTeam "SOCAR Azerbaijan"]
[WhiteFideId "1000730"]
[BlackFideId "13402129"]
[EventDate "2012.10.11"]
[EventType "team-swiss"]

1. Nf3 Nf6 2. c4 g6 3. Nc3 d5 4. d4 Bg7 5. Bg5 Ne4 6. cxd5 Nxg5 7. Nxg5 e6 8.
Nf3 exd5 9. e3 Qd6 10. Bd3 O-O 11. O-O c6 12. Rb1 Nd7 13. Qc2 a5 14. Rfc1 Nb6
15. Qb3 Qd8 16. Qc2 Re8 17. Re1 Bf8 18. Rbc1 Bd6 19. g3 Bg4 20. Nd2 a4 21. a3
Kg7 22. f3 Bh3 23. Bf1 Bf5 24. Bd3 Be6 25. Kf2 h5 26. h4 c5 27. dxc5 Bxc5 28.
Nb5 Rc8 29. Qc3+ Kg8 30. Nd4 Bd7 31. Qxc5 Rxc5 32. Rxc5 Bc6 33. Nf1 Nd7 34. Rc3
Ne5 35. Be2 Qb6 36. Rc2 Bd7 37. Rec1 Nc6 38. Rd1 Bh3 39. Nh2 Bf5 40. Rcd2 Nxd4
41. exd4 Rc8 42. Nf1 Bc2 43. Re1 Qxb2 44. Ne3 Qb3 45. Rc1 Bf5 46. Rxc8+ Bxc8 47.
Rd3 Qa2 48. Rc3 Be6 49. Ke1 b5 50. Nc2 Bf5 51. Ne3 Qa1+ 52. Nd1 Qb1 0-1

[Event "28th European Club Cup"]
[Site "Eilat ISR"]
[Date "2012.10.14"]
[Round "4.3"]
[White "Guseinov, Gadir"]
[Black "Friedrich, Norbert"]
[Result "1-0"]
[WhiteTitle "GM"]
[BlackTitle "FM"]
[WhiteElo "2608"]
[BlackElo "2302"]
[WhiteTeam "SOCAR Azerbaijan"]
[BlackTeam "Schachgesellschaft Zürich"]
[WhiteFideId "13401378"]
[BlackFideId "4602102"]
[EventDate "2012.10.11"]
[EventType "team-swiss"]

1. e4 c5 2. Nc3 e6 3. Nf3 a6 4. d4 cxd4 5. Nxd4 Qc7 6. g3 Nf6 7. Bg2 Nc6 8. O-O
Nxd4 9. Qxd4 Bc5 10. Bf4 d6 11. Qd2 h6 12. Rad1 e5 13. Be3 Be6 14. Bxc5 dxc5 15.
Qd6 Qxd6 16. Rxd6 Ke7 17. Rb6 Kd7 18. Nd5 Rab8 19. Re1 Bxd5 20. exd5 Kc7 21. Rb3
Kd6 22. a4 b6 23. Bf1 e4 24. Bxa6 Kxd5 25. f3 Rhd8 26. fxe4+ Ke5 27. Bd3 Ne8 28.
Bc4 Nd6 29. Bd5 f5 30. Rbe3 Rf8 31. Bc6 f4 32. Rd3 fxg3 33. hxg3 Rbd8 34. a5
bxa5 35. Rd5+ Ke6 36. Rxc5 Rc8 37. Bd5+ Ke7 38. Rxa5 Rxc2 39. Ra7+ Kd8 40. e5
Nb5 41. Rxg7 Nd4 42. e6 Ne2+ 43. Kh1 1-0

[Event "28th European Club Cup"]
[Site "Eilat ISR"]
[Date "2012.10.14"]
[Round "4.4"]
[White "Mochalov, Evgeny V"]
[Black "Pridorozhni, Aleksei"]
[Result "1/2-1/2"]
[WhiteTitle "IM"]
[BlackTitle "GM"]
[WhiteElo "2403"]
[BlackElo "2539"]
[WhiteTeam "Vesnianka Gran"]
[BlackTeam "Ugra"]
[WhiteFideId "13500074"]
[BlackFideId "4127870"]
[EventDate "2012.10.11"]
[EventType "team-swiss"]

1. d4 d6 2. Nf3 Nf6 3. g3 g6 4. Bg2 Bg7 5. O-O O-O 6. c4 c6 7. h3 Qb6 8. b3 Re8
9. Bb2 a5 10. Nc3 Nbd7 11. Qc2 e5 12. e3 exd4 13. Nxd4 Nc5 14. Rfd1 Bd7 15. Ba3
Rad8 16. Rd2 Bc8 17. Rad1 Qc7 18. Ndb5 cxb5 19. Nxb5 Qb8 20. Nxd6 Rxd6 21. Rxd6
Bf5 22. Qd2 Nce4 23. Qxa5 Nxd6 24. Bxd6 Qc8 25. g4 Be4 26. f3 Bc6 27. e4 Nd7 28.
c5 Qa8 29. Qxa8 Rxa8 30. Rd2 Bb5 31. Bf1 Bxf1 32. Kxf1 Rc8 33. Rc2 Ne5 34. Ke2
Nc6 35. Rc4 Ra8 36. a4 Nd4+ 37. Kd3 Nxb3 38. Rb4 Na5 39. f4 h6 40. e5 g5 41.
fxg5 Nc6 42. Rxb7 Rxa4 43. gxh6 Bxe5 44. h7+ Kxh7 45. Rxf7+ Kg8 46. Rc7 Bxd6 47.
cxd6 Rd4+ 1/2-1/2

[Event "28th European Club Cup"]
[Site "Eilat ISR"]
[Date "2012.10.14"]
[Round "4.4"]
[White "Kabanov, Nikolai"]
[Black "Oblamski, Vladimir"]
[Result "1-0"]
[WhiteTitle "GM"]
[WhiteElo "2482"]
[BlackElo "2114"]
[WhiteTeam "Ugra"]
[BlackTeam "Vesnianka Gran"]
[WhiteFideId "4127820"]
[BlackFideId "13503979"]
[EventDate "2012.10.11"]
[EventType "team-swiss"]

1. e4 d5 2. exd5 Qxd5 3. Nc3 Qa5 4. d4 c6 5. Nf3 Bf5 6. Ne5 Nd7 7. Qf3 Be6 8.
Nc4 Bxc4 9. Bxc4 e6 10. Bd2 Bb4 11. a3 Ngf6 12. O-O-O Bxc3 13. Bxc3 Qc7 14. Qg3
Qxg3 15. hxg3 O-O-O 16. f3 Nb6 17. Be2 Nbd5 18. Bd2 Ne7 19. c3 h6 20. g4 b5 21.
Kc2 Kb7 22. b3 a6 23. Bc1 Ng6 24. Bd3 Ne7 25. c4 Rhe8 26. Bb2 Neg8 27. Bc3 Re7
28. a4 Rc8 29. Bb4 Rd7 30. Bc5 b4 31. a5 Ka8 32. Ra1 Rcd8 33. Ra4 Rxd4 34. Bxd4
Rxd4 35. Rxb4 Nd5 36. cxd5 Rxb4 37. dxe6 fxe6 38. Re1 Rb7 39. Rxe6 Ne7 40. Bxa6
Rd7 41. Bc4 Kb7 42. b4 Nc8 43. Bd3 Nd6 44. g5 hxg5 45. Rg6 Kc7 46. Rxg5 Ne8 47.
Rc5 Kd6 48. Be4 Rc7 49. f4 Nf6 50. Bf3 Nd7 51. Rc3 Nb8 52. Kb3 Rf7 53. Rc4 Re7
54. Re4 Rb7 55. f5 Rb5 56. g4 Kd7 57. Ka4 Rd5 58. Re1 1-0

[Event "28th European Club Cup"]
[Site "Eilat ISR"]
[Date "2012.10.14"]
[Round "4.5"]
[White "Nabaty, Tamir"]
[Black "Sasikiran, Krishnan"]
[Result "0-1"]
[WhiteTitle "GM"]
[BlackTitle "GM"]
[WhiteElo "2586"]
[BlackElo "2680"]
[WhiteTeam "Beer Sheba"]
[BlackTeam "G-Team Novy Bor"]
[WhiteFideId "2809052"]
[BlackFideId "5004985"]
[EventDate "2012.10.11"]
[EventType "team-swiss"]

1. Nf3 Nf6 2. c4 c6 3. Nc3 d5 4. e3 g6 5. d4 Bg7 6. Be2 O-O 7. O-O e6 8. b4 dxc4
9. Bxc4 Nd5 10. Nxd5 exd5 11. Bd3 Re8 12. a4 a6 13. Bb2 Be6 14. Qd2 Nd7 15. Rfc1
Nb6 16. b5 Nc4 17. Bxc4 dxc4 18. bxc6 bxc6 19. e4 Bg4 20. Ng5 Rb8 21. Bc3 f6 22.
Qf4 Be2 23. Nf3 g5 24. Qf5 Qc8 25. Qxc8 Rbxc8 26. Nd2 Bd3 27. Bb4 f5 28. Bc5
Rcd8 29. e5 Bf8 30. Bb6 Rd5 31. Nxc4 c5 32. Ne3 Rxd4 33. Bxc5 Rdd8 34. Bxf8 Kxf8
35. Rc5 f4 36. Ng4 Rd4 37. h3 Rc4 38. Rxc4 Bxc4 39. Nf6 Re7 40. Rc1 Bb3 41. a5
Ba4 42. Rc5 h6 43. g4 Rb7 44. Nd5 Rb1+ 45. Kg2 Re1 46. Nc7 Bd1 47. Ne6+ Ke8 48.
Nd4 Ba4 49. e6 Ke7 50. h4 Kd6 51. Rc8 gxh4 52. Rc4 Bd1 53. Nf5+ Kxe6 54. Rxf4
Ke5 55. Rb4 h5 56. f4+ Kd5 57. g5 h3+ 58. Kh2 Bg4 59. Nh4 Re2+ 60. Kh1 Re1+ 61.
Kh2 Re2+ 62. Kh1 Kc5 63. Rb1 Be6 64. Rc1+ Kd6 65. Rd1+ Bd5+ 66. Rxd5+ Kxd5 67.
f5 Ke5 68. f6 Ke6 69. Nf5 Rg2 70. Nd4+ Kf7 71. Nf3 Kf8 72. Nd4 Kf7 73. Nf3 Kg8
74. f7+ Kxf7 75. g6+ Kg7 0-1

[Event "28th European Club Cup"]
[Site "Eilat ISR"]
[Date "2012.10.14"]
[Round "4.5"]
[White "Bartel, Mateusz"]
[Black "Postny, Evgeny"]
[Result "1/2-1/2"]
[WhiteTitle "GM"]
[BlackTitle "GM"]
[WhiteElo "2635"]
[BlackElo "2647"]
[WhiteTeam "G-Team Novy Bor"]
[BlackTeam "Beer Sheba"]
[WhiteFideId "1112635"]
[BlackFideId "2804344"]
[EventDate "2012.10.11"]
[EventType "team-swiss"]

1. e4 e5 2. Nf3 Nc6 3. Bb5 a6 4. Ba4 Nf6 5. O-O Be7 6. d3 b5 7. Bb3 d6 8. a4 Bd7
9. Qe1 O-O 10. Be3 Be6 11. Nbd2 Qd7 12. Qe2 Rfb8 13. Bxe6 fxe6 14. axb5 axb5 15.
d4 exd4 16. Bxd4 e5 17. Be3 Nd8 18. Qd3 Ne6 19. Ng5 Nxg5 20. Bxg5 c6 21. Qb3+
Kh8 22. h3 Qe8 23. Qe6 Bf8 24. Qf5 Nd7 25. Be3 Kg8 26. Ba7 Rb7 27. Be3 Rbb8 28.
Ba7 Rc8 29. Be3 Rcb8 1/2-1/2

[Event "28th European Club Cup"]
[Site "Eilat ISR"]
[Date "2012.10.14"]
[Round "4.5"]
[White "Greenfeld, Alon"]
[Black "Hracek, Zbynek"]
[Result "0-1"]
[WhiteTitle "GM"]
[BlackTitle "GM"]
[WhiteElo "2559"]
[BlackElo "2612"]
[WhiteTeam "Beer Sheba"]
[BlackTeam "G-Team Novy Bor"]
[WhiteFideId "2800039"]
[BlackFideId "300071"]
[EventDate "2012.10.11"]
[EventType "team-swiss"]

1. Nf3 d5 2. d4 Nf6 3. c4 e6 4. Nc3 Bb4 5. Qa4+ Nc6 6. cxd5 exd5 7. Bg5 h6 8.
Bxf6 Qxf6 9. e3 O-O 10. Be2 Be6 11. O-O a6 12. Rfc1 Bd6 13. Qd1 Ne7 14. Na4 c6
15. b4 Nf5 16. Rab1 Rae8 17. Nc5 Bc8 18. a4 g5 19. Nd3 g4 20. Nfe5 h5 21. b5
axb5 22. axb5 c5 23. Nxc5 Nxe3 24. fxe3 Rxe5 25. dxe5 Qxe5 26. Kf1 Qxh2 27. Ke1
Qg3+ 28. Kd2 Re8 29. Rb3 b6 30. Na4 d4 31. exd4 Bf4+ 32. Kc2 Bf5+ 33. Bd3 Qf2+
34. Kb1 Bxc1 35. Bxf5 Re1 36. Qc2 Be3+ 37. Ka2 Re2 38. Bh7+ Kg7 39. Rb2 Rxc2 0-1

[Event "28th European Club Cup"]
[Site "Eilat ISR"]
[Date "2012.10.14"]
[Round "4.6"]
[White "Dizdarevic, Emir"]
[Black "Romanov, Evgeny"]
[Result "1/2-1/2"]
[WhiteTitle "GM"]
[BlackTitle "GM"]
[WhiteElo "2491"]
[BlackElo "2611"]
[WhiteTeam "Siroki Brijeg"]
[BlackTeam "Ashdod"]
[WhiteFideId "14400049"]
[BlackFideId "4148843"]
[EventDate "2012.10.11"]
[EventType "team-swiss"]

1. Nf3 Nf6 2. g3 d5 3. Bg2 c6 4. O-O Bg4 5. h3 Bh5 6. d4 e6 7. c4 Nbd7 8. cxd5
exd5 9. Qb3 Bxf3 10. exf3 Nb6 11. a4 Qd7 12. Na3 Be7 13. Nc2 O-O 14. Ne1 Rae8
15. Nd3 Qc8 16. Qc3 Na8 17. b3 Nc7 18. h4 Ne6 19. Bb2 Nd7 20. f4 Qd8 21. Rfe1
Nf6 22. Re2 Bd6 23. Rae1 Nc7 24. Qc2 Rxe2 25. Rxe2 Re8 26. Ne5 Re7 27. Bf3 Qe8
28. Kg2 Na6 29. Qf5 Nb4 30. h5 Re6 31. Bc3 Na6 32. Qd3 h6 33. Qf5 Nc7 34. Ba5
Re7 35. Ng4 Ne4 36. Bxc7 Bxc7 37. Bxe4 Rxe4 38. Rxe4 Qxe4+ 39. Qxe4 dxe4 40. f3
exf3+ 41. Kxf3 Kf8 42. Ne3 g6 43. g4 Kg7 44. d5 f5 45. dxc6 fxg4+ 46. Kxg4 bxc6
47. b4 gxh5+ 48. Kxh5 Kf6 49. b5 Bxf4 50. bxc6 Ke6 51. Nc2 Kd6 52. Nd4 a6 53. c7
Kd7 54. Ne6 Be3 55. Kg6 a5 56. Kh5 Bb6 57. Kxh6 Bxc7 58. Nc5+ Kc6 59. Nb3 Kd5
60. Nxa5 Bxa5 1/2-1/2